000 00615nam a2200253Ia 4500
003 OSt
005 20221007074630.0
006 a|||||r|||| 00| 0
007 ta
008 221006b |||||||| |||| 00| 0 eng d
024 _a20,654
037 _cTextual
040 _aFLL
_cFLL
_beng
041 _2eng
_aeng
082 _aZ2,4, P6
100 _aRatanlal
245 0 _aLaw of torts
250 _a25th
260 _aNagpur
_bWadhwa & Company India
_c2006
300 _a898p
_ccm.
700 _a Dhirajlal
942 _hZ2,4, P6
_cTEXL
_2CC
999 _c1153138
_d1153138